000
00244nmm a2200085Ia 4500
008
220120s9999||||xx |||||||||||||||||und||
100
_a
ACMSIGIR-2008
_9
11094
245
0
_a
31st annual international ACMSIGIR conference suported by m
260
_c
2008
999
_c
139283
_d
139283